[Event "Copa Latina 2015"]
[Site "Vicente Lopez ARG"]
[Date "2015.03.21"]
[Round "3.1"]
[White "Bachmann, Axel"]
[Black "Quintiliano Pinto, Renato R"]
[Result "1-0"]
[WhiteElo "2614"]
[BlackElo "2403"]
[PlyCount "68"]
[EventDate "2015.03.19"]
[EventType "swiss"]
[EventRounds "9"]
[EventCountry "ARG"]
[Source "lmi"]
[SourceDate "2015.03.19"]

1. e4 c5 2. Nf3 d6 3. c3 Nf6 4. h3 g6 5. Bd3 Bg7 6. O-O O-O 7. Bc2 Nc6 8. d4
cxd4 9. cxd4 e5 10. d5 Nb4 11. Bb3 a5 12. Nc3 b5 13. Be3 a4 14. a3 Na6 15. Bc2
Bd7 16. Bd3 Qa5 17. Nd2 Nc5 18. Be2 Rfe8 19. Qb1 Nb3 20. Nxb3 axb3 21. Qd1 b4
22. axb4 Qxb4 23. Qd3 Rec8 24. Rfc1 h5 25. Bg5 Nh7 26. Bd2 Nf6 27. Qf3 Qb7 28.
Bd3 Qb6 29. Bg5 Nh7 30. Be3 Qb4 31. Qd1 Nf6 32. Rxa8 Rxa8 33. Ra1 Rc8 34. Ra6
Rb8 1-0

[Event "Copa Latina 2015"]
[Site "Vicente Lopez ARG"]
[Date "2015.03.21"]
[Round "3.2"]
[White "Gemy, Jose Daniel"]
[Black "Cori, Jorge"]
[Result "0-1"]
[WhiteElo "2406"]
[BlackElo "2596"]
[PlyCount "128"]
[EventDate "2015.03.19"]
[EventType "swiss"]
[EventRounds "9"]
[EventCountry "ARG"]
[Source "lmi"]
[SourceDate "2015.03.19"]

1. Nf3 d5 2. d4 c6 3. c3 Nf6 4. Bf4 Nh5 5. Bc1 g6 6. Nbd2 Bg7 7. e3 O-O 8. Be2
Nd7 9. O-O Re8 10. b3 Nhf6 11. Bb2 e5 12. dxe5 Nxe5 13. Nxe5 Rxe5 14. c4 Re8
15. Nf3 Be6 16. Nd4 Qe7 17. Qc2 dxc4 18. bxc4 Bg4 19. Bxg4 Nxg4 20. h3 Nf6 21.
a4 Rad8 22. Rfd1 Qe4 23. Qb3 Nd7 24. Qxb7 Nc5 25. Qb4 Nd3 26. Rxd3 Qxd3 27.
Nxc6 Bxb2 28. Qxb2 Rc8 29. Ne5 Qd6 30. Ng4 Rc6 31. c5 Qe6 32. Nh6+ Kf8 33. Rd1
f6 34. Qb7 Re7 35. Qb8+ Kg7 36. Rd4 Rxc5 37. Ng4 Rc6 38. Rd8 Rd7 39. Re8 Rd1+
40. Kh2 Qd6+ 41. Qxd6 Rdxd6 42. Re7+ Kf8 43. Rxa7 h5 44. Nh6 Rd2 45. Rf7+ Ke8
46. Rg7 g5 47. Rg8+ Kd7 48. Rg7+ Kd8 49. h4 g4 50. Nf5 Rxf2 51. Nd4 Rc3 52. a5
Ra2 53. Rg8+ Kd7 54. Rg7+ Kc8 55. Rg8+ Kd7 56. Rg7+ Ke8 57. Nf5 Rcc2 58. Kg3
Rxg2+ 59. Kf4 Rgf2+ 60. Ke4 Ra4+ 61. Nd4 Rxa5 62. Nc6 Rc5 63. Nd4 Re5+ 64. Kd3
Kf8 0-1

[Event "Copa Latina 2015"]
[Site "Vicente Lopez ARG"]
[Date "2015.03.21"]
[Round "3.3"]
[White "Felgaer, Ruben"]
[Black "Paveto, Kevin"]
[Result "0-1"]
[WhiteElo "2580"]
[BlackElo "2397"]
[PlyCount "94"]
[EventDate "2015.03.19"]
[EventType "swiss"]
[EventRounds "9"]
[EventCountry "ARG"]
[Source "lmi"]
[SourceDate "2015.03.19"]

1. e4 e5 2. Nf3 Nc6 3. Bc4 Bc5 4. O-O d6 5. c3 Qf6 6. d3 Nge7 7. b4 Bb6 8. a4
a6 9. Be3 Bxe3 10. fxe3 O-O 11. Nbd2 Qh6 12. Qe2 Be6 13. Bxe6 Qxe6 14. d4 Nd8
15. a5 f6 16. c4 Nf7 17. d5 Qd7 18. Qd3 c6 19. Qb3 cxd5 20. exd5 f5 21. e4 Rac8
22. Rac1 fxe4 23. Nxe4 Qg4 24. Rce1 Ng6 25. h3 Qd7 26. c5 Rfd8 27. cxd6 Qb5 28.
d7 Rxd7 29. d6 Qc4 30. Nfd2 Qd4+ 31. Kh1 Nf4 32. Rxf4 exf4 33. Qe6 Rdd8 34. Nf3
Qc4 35. Qe7 Qd5 36. Nfg5 f3 37. Nxf3 Nxd6 38. Nxd6 Qxd6 39. Qxb7 Rb8 40. Qa7
Rxb4 41. Ne5 Qd5 42. Qc7 Rb2 43. Nf3 Rb7 44. Qc3 h6 45. Rc1 Rb3 46. Qc4 Qxc4
47. Rxc4 Rb5 0-1

[Event "Copa Latina 2015"]
[Site "Vicente Lopez ARG"]
[Date "2015.03.21"]
[Round "3.4"]
[White "Della Morte, German"]
[Black "Flores, Diego"]
[Result "1-0"]
[WhiteElo "2401"]
[BlackElo "2569"]
[PlyCount "107"]
[EventDate "2015.03.19"]
[EventType "swiss"]
[EventRounds "9"]
[EventCountry "ARG"]
[Source "lmi"]
[SourceDate "2015.03.19"]

1. e4 c5 2. Nf3 e6 3. d4 cxd4 4. Nxd4 a6 5. Bd3 Bc5 6. Nb3 Be7 7. O-O d6 8. Qg4
g6 9. Qg3 Nd7 10. h3 h5 11. f4 Ngf6 12. Nc3 Qc7 13. Be3 b5 14. a3 Bb7 15. Rad1
d5 16. exd5 h4 17. Qf2 Nxd5 18. Bd4 Rh5 19. Be2 Nxc3 20. Bxc3 Rd5 21. Rde1 Nc5
22. Be5 Qd7 23. Qe3 f6 24. Na5 fxe5 25. fxe5 O-O-O 26. b4 Kb8 27. Bf3 Na4 28.
Nxb7 Qxb7 29. Bxd5 Rxd5 30. Rf7 Rd7 31. Rg7 Bd8 32. Rg8 Qd5 33. Kh1 Kb7 34.
Rxg6 Nb2 35. Qh6 Nd1 36. Rxe6 Bc7 37. Kh2 Nf2 38. Re8 Qf7 39. Rf8 Qe7 40. Rxf2
Bxe5+ 41. Kh1 Qg7 42. Qxh4 Bc7 43. Qe4+ Ka7 44. Rf3 Bb6 45. Qe8 Bc7 46. Ref1
Re7 47. Qh5 Rd7 48. Qc5+ Kb7 49. Qf5 Rd4 50. c3 Rc4 51. Qd5+ Ka7 52. Rf8 Qxc3
53. Qa8+ Kb6 54. R1f6+ 1-0

[Event "Copa Latina 2015"]
[Site "Vicente Lopez ARG"]
[Date "2015.03.21"]
[Round "3.5"]
[White "Morovic Fernandez, Ivan"]
[Black "Cori Quispe, Kevin"]
[Result "1-0"]
[WhiteElo "2568"]
[BlackElo "2382"]
[PlyCount "121"]
[EventDate "2015.03.19"]
[EventType "swiss"]
[EventRounds "9"]
[EventCountry "ARG"]
[Source "lmi"]
[SourceDate "2015.03.19"]

1. e4 c5 2. Nf3 d6 3. d4 cxd4 4. Nxd4 Nf6 5. Nc3 a6 6. Be2 e6 7. O-O Be7 8. a4
Nc6 9. Be3 Qc7 10. f4 O-O 11. Kh1 Re8 12. Bd3 Nxd4 13. Bxd4 e5 14. Be3 exf4 15.
Rxf4 Be6 16. Nd5 Bxd5 17. exd5 g6 18. Qf3 Nd7 19. Bd4 Rf8 20. Rf1 Ne5 21. Bxe5
dxe5 22. Rxf7 Qd6 23. a5 Rad8 24. c4 Qb4 25. Be4 Qc5 26. b3 Qb4 27. g3 Qd6 28.
h4 Rxf7 29. Qxf7+ Kh8 30. Qe6 Rf8 31. Rxf8+ Bxf8 32. h5 Kg7 33. hxg6 hxg6 34.
Kg2 Be7 35. Qg4 Qf6 36. Qe2 Bc5 37. Qd2 Qd6 38. Qe2 Bb4 39. Qg4 Bc5 40. Qe6 Bb4
41. Kf3 Qxe6 42. dxe6 Kf6 43. Bxb7 Kxe6 44. Bxa6 Bxa5 45. Bb7 Kd6 46. Be4 g5
47. Kg4 Be1 48. b4 Bf2 49. c5+ Kc7 50. b5 Kb8 51. Kf5 Bxg3 52. Ke6 Bf2 53. Kd6
g4 54. b6 Be3 55. Kc6 g3 56. Kb5 g2 57. Bxg2 e4 58. Bxe4 Bf2 59. c6 Bg3 60. Bf5
Bf4 61. Kc4 1-0

[Event "Copa Latina 2015"]
[Site "Vicente Lopez ARG"]
[Date "2015.03.21"]
[Round "3.6"]
[White "Obregon, Andres Carlos"]
[Black "Di Giannantonio, Nino"]
[Result "1-0"]
[WhiteElo "2531"]
[BlackElo "2358"]
[PlyCount "161"]
[EventDate "2015.03.19"]
[EventType "swiss"]
[EventRounds "9"]
[EventCountry "ARG"]
[Source "lmi"]
[SourceDate "2015.03.19"]

1. Nf3 d5 2. d4 c6 3. c4 Nf6 4. Nc3 dxc4 5. a4 Bf5 6. Ne5 Nbd7 7. Nxc4 e6 8. f3
Bb4 9. Kf2 Be7 10. e4 Bg6 11. Be3 O-O 12. Be2 Nb6 13. Ne5 Nfd7 14. a5 Nxe5 15.
axb6 Nd7 16. bxa7 Qb6 17. Na4 Qb4 18. d5 exd5 19. exd5 c5 20. Qe1 Qb3 21. Qc3
Qxd5 22. Rhd1 Qc6 23. Qb3 Bf5 24. Bb5 Qc7 25. Bxd7 Bxd7 26. Qb6 Qc8 27. Qa5
Bxa4 28. Qxa4 Rd8 29. Rxd8+ Qxd8 30. Qe4 Qb6 31. Ra2 Bd6 32. b4 Qxb4 33. Qxb4
cxb4 34. Rd2 Be5 35. Rd7 h6 36. f4 Bxf4 37. Bxf4 Rxa7 38. Be3 Ra2+ 39. Kf3 b5
40. Rb7 Ra5 41. Bd2 Ra3+ 42. Ke2 Ra5 43. Bxb4 Ra2+ 44. Bd2 Rb2 45. Rb6 Rb1 46.
Bc3 Kh7 47. Rb7 Kg6 48. Bd4 Rb4 49. Ke3 Rb3+ 50. Ke4 Rb1 51. Rc7 Re1+ 52. Kf3
Rb1 53. g4 Rb4 54. Ke4 Rb3 55. h4 Rh3 56. Bf2 Rb3 57. Be3 Rb4+ 58. Bd4 h5 59.
Rc6+ Kh7 60. g5 Rb1 61. g6+ fxg6 62. Rc7 Rh1 63. Bf6 Re1+ 64. Kd3 Rd1+ 65. Kc2
Rd6 66. Rxg7+ Kh8 67. Bb2 Rc6+ 68. Kd3 Rc4 69. Rb7+ Kg8 70. Bf6 Rc5 71. Ke4 Rf5
72. Rg7+ Kf8 73. Rxg6 Rc5 74. Bd4 Rc2 75. Rf6+ Ke7 76. Rf5 b4 77. Rxh5 b3 78.
Rb5 Rh2 79. h5 Rh3 80. Be3 b2 81. h6 1-0

[Event "Copa Latina 2015"]
[Site "Vicente Lopez ARG"]
[Date "2015.03.21"]
[Round "3.7"]
[White "Hernandez Guerrero, Gilberto"]
[Black "Perez Gormaz, Matias"]
[Result "1-0"]
[WhiteElo "2517"]
[BlackElo "2349"]
[PlyCount "91"]
[EventDate "2015.03.19"]
[EventType "swiss"]
[EventRounds "9"]
[EventCountry "ARG"]
[Source "lmi"]
[SourceDate "2015.03.19"]

1. e4 c5 2. Nf3 Nc6 3. Bb5 d6 4. O-O Bd7 5. Re1 Nf6 6. c3 a6 7. Bf1 Bg4 8. h3
Bxf3 9. Qxf3 e6 10. d3 Be7 11. Nd2 O-O 12. g3 Qc7 13. Qe2 b5 14. a3 Nd7 15. f4
Nb6 16. Nf3 a5 17. Be3 Rfc8 18. Bf2 Bf8 19. d4 c4 20. Bg2 d5 21. Ne5 Ne7 22. h4
Re8 23. h5 f6 24. Ng4 dxe4 25. Qxe4 Ned5 26. f5 exf5 27. Qxf5 Qf7 28. h6 Rxe1+
29. Rxe1 Rd8 30. hxg7 Bxg7 31. Be4 Bf8 32. Kg2 Rd7 33. Rh1 Re7 34. Bb1 Qg6 35.
Qf3 Qg5 36. Be4 h5 37. Ne3 Nxe3+ 38. Bxe3 Qg4 39. Rh4 Qxf3+ 40. Kxf3 f5 41. Bc6
b4 42. axb4 axb4 43. Rxh5 b3 44. Rxf5 Rh7 45. Rb5 Rf7+ 46. Bf4 1-0

[Event "Copa Latina 2015"]
[Site "Vicente Lopez ARG"]
[Date "2015.03.21"]
[Round "3.8"]
[White "Moreda, Lucas"]
[Black "Rodriguez Vila, Andres"]
[Result "0-1"]
[WhiteElo "2333"]
[BlackElo "2492"]
[PlyCount "80"]
[EventDate "2015.03.19"]
[EventType "swiss"]
[EventRounds "9"]
[EventCountry "ARG"]
[Source "lmi"]
[SourceDate "2015.03.19"]

1. e4 c5 2. c3 e6 3. Nf3 d5 4. exd5 exd5 5. d4 Nc6 6. Be2 c4 7. O-O Bd6 8. b3
cxb3 9. axb3 Nge7 10. c4 O-O 11. Nc3 Bg4 12. cxd5 Nb4 13. Ne5 Bxe2 14. Qxe2
Nexd5 15. Nxd5 Nxd5 16. Qb5 Nc3 17. Qxb7 Ne2+ 18. Kh1 Nxd4 19. Nf3 Bc5 20. Bf4
Ne6 21. Be5 a5 22. Rac1 Qd3 23. Rfd1 Qg6 24. Bg3 Ba3 25. Rc4 Rad8 26. Rg1 Qf5
27. h3 Bb4 28. Rxb4 axb4 29. Qxb4 Nc5 30. Qb5 Rd5 31. Qc4 Rfd8 32. Kh2 g5 33.
Re1 Nd3 34. Re4 h6 35. Rg4 Qd7 36. Re4 Rc8 37. Qa6 Nc5 38. Qe2 Nxe4 39. Qxe4 f5
40. Qb1 Rd1 0-1

[Event "Copa Latina 2015"]
[Site "Vicente Lopez ARG"]
[Date "2015.03.21"]
[Round "3.9"]
[White "Blit, Jacques"]
[Black "Pichot, Alan"]
[Result "0-1"]
[WhiteElo "2325"]
[BlackElo "2482"]
[PlyCount "47"]
[EventDate "2015.03.19"]
[EventType "swiss"]
[EventRounds "9"]
[EventCountry "ARG"]
[Source "lmi"]
[SourceDate "2015.03.19"]

1. e4 c5 2. Nf3 e6 3. d4 cxd4 4. Nxd4 a6 5. Bd3 Nf6 6. O-O Qc7 7. Qe2 d6 8. f4
Nbd7 9. c4 Be7 10. Nc3 b6 11. g4 h6 12. g5 hxg5 13. fxg5 Nh5 14. g6 Ne5 15.
gxf7+ Nxf7 16. e5 Nxe5 17. Nf3 Bb7 18. Nxe5 Qc5+ 19. Be3 Qxe5 20. Bg6+ Kd7 21.
Na4 Ng3 22. Nxb6+ Kd8 23. Qd2 Rxh2 24. Kxh2 0-1

[Event "Copa Latina 2015"]
[Site "Vicente Lopez ARG"]
[Date "2015.03.21"]
[Round "3.10"]
[White "Salinas Herrera, Pablo"]
[Black "Mayorga, Nicolas"]
[Result "1/2-1/2"]
[WhiteElo "2440"]
[BlackElo "2325"]
[PlyCount "91"]
[EventDate "2015.03.19"]
[EventType "swiss"]
[EventRounds "9"]
[EventCountry "ARG"]
[Source "lmi"]
[SourceDate "2015.03.19"]

1. e4 c5 2. Nf3 d6 3. d4 cxd4 4. Nxd4 Nf6 5. Nc3 a6 6. Be2 e5 7. Nb3 Be7 8. Be3
Be6 9. Nd5 Nbd7 10. Qd3 Bxd5 11. exd5 O-O 12. O-O Nc5 13. Qd2 Nfe4 14. Qb4 b6
15. Nxc5 Nxc5 16. Qd2 f5 17. f3 f4 18. Bf2 Bh4 19. Bxh4 Qxh4 20. b4 Nd7 21. Qe1
Qh5 22. Qf2 Rf6 23. Rfd1 Rh6 24. h3 Qg5 25. Kf1 Rf8 26. Bd3 Nf6 27. Re1 Nh5 28.
Ke2 Ng3+ 29. Kd2 Nf5 30. Bxf5 Rxf5 31. Re2 Qd8 32. Rb1 Rg6 33. Rb3 Rfg5 34. Rc3
Rxg2 35. Qxg2 Rxg2 36. Rxg2 Qd7 37. Rg4 h5 38. Rg6 Qxh3 39. Rc7 Qxf3 40. Rgxg7+
Kh8 41. Rge7 Qxd5+ 42. Kc1 Qg8 43. Rf7 e4 44. Rf5 Qg1+ 45. Kb2 Kg8 46. Rff7
1/2-1/2

[Event "Copa Latina 2015"]
[Site "Vicente Lopez ARG"]
[Date "2015.03.21"]
[Round "3.11"]
[White "Slipak, Sergio"]
[Black "Acosta, Pablo Ismael"]
[Result "1/2-1/2"]
[WhiteElo "2436"]
[BlackElo "2304"]
[PlyCount "129"]
[EventDate "2015.03.19"]
[EventType "swiss"]
[EventRounds "9"]
[EventCountry "ARG"]
[Source "lmi"]
[SourceDate "2015.03.19"]

1. Nf3 c5 2. e3 Nf6 3. d4 e6 4. Bd3 b6 5. O-O Bb7 6. c4 Be7 7. Nc3 a6 8. Re1
O-O 9. d5 exd5 10. cxd5 b5 11. e4 c4 12. Bf1 Bb4 13. Bg5 d6 14. Nd4 Nbd7 15.
Nf5 h6 16. Bh4 Bc5 17. Kh1 Ne5 18. Bg3 Ng6 19. Qf3 Re8 20. Rad1 Kh7 21. Rd2 Qb6
22. h3 Rad8 23. Qd1 Qa5 24. a3 Bc8 25. Nd4 Bd7 26. Nc2 Qb6 27. f4 a5 28. e5 b4
29. axb4 axb4 30. exf6 bxc3 31. bxc3 Qb3 32. Rxe8 Rxe8 33. Qf3 Qb2 34. Bxc4 Bf5
35. Bd3 Qxc3 36. Qd1 Bxd3 37. Rxd3 Qxf6 38. Rf3 Qf5 39. Qd3 Qxd3 40. Rxd3 Re2
41. Nd4 Bxd4 42. Rxd4 Ne7 43. Rd3 Kg6 44. Kg1 Kf5 45. Kf1 Rc2 46. Rd1 Rc5 47.
Bh2 h5 48. Kf2 h4 49. Kf3 Nxd5 50. Rd3 Rc3 51. Rxc3 Nxc3 52. Bg1 f6 53. Bf2 g5
54. fxg5 fxg5 55. Bd4 Ne4 56. Ke3 Ng3 57. Kf3 d5 58. Be3 Nf1 59. Bd4 Nd2+ 60.
Ke3 Nb3 61. Bb6 g4 62. Bd8 d4+ 63. Ke2 gxh3 64. gxh3 Ke4 65. Bxh4 1/2-1/2

[Event "Copa Latina 2015"]
[Site "Vicente Lopez ARG"]
[Date "2015.03.21"]
[Round "3.12"]
[White "Tokman, Ariel"]
[Black "Real De Azua, Ernesto"]
[Result "0-1"]
[WhiteElo "2320"]
[BlackElo "2435"]
[PlyCount "54"]
[EventDate "2015.03.19"]
[EventType "swiss"]
[EventRounds "9"]
[EventCountry "ARG"]
[Source "lmi"]
[SourceDate "2015.03.19"]

1. c4 g6 2. Nc3 Bg7 3. g3 Nf6 4. Bg2 O-O 5. d3 d6 6. Nf3 e5 7. O-O h6 8. Bd2 a5
9. Rc1 Re8 10. Qc2 Nc6 11. Nd5 Nd7 12. e4 Nc5 13. h3 f5 14. Rce1 Rf8 15. Kh2 g5
16. b3 Rf7 17. Be3 f4 18. Bc1 g4 19. hxg4 Bxg4 20. Bb2 Ne6 21. Nh4 Ned4 22.
Bxd4 Nxd4 23. Qc1 c6 24. Nc3 Qg5 25. Bh3 Raf8 26. Bg2 Qh5 27. Kg1 f3 0-1

[Event "Copa Latina 2015"]
[Site "Vicente Lopez ARG"]
[Date "2015.03.21"]
[Round "3.13"]
[White "Dos Santos, Ramiro"]
[Black "Muniz, Rafael"]
[Result "1-0"]
[WhiteElo "2431"]
[BlackElo "2268"]
[PlyCount "87"]
[EventDate "2015.03.19"]
[EventType "swiss"]
[EventRounds "9"]
[EventCountry "ARG"]
[Source "lmi"]
[SourceDate "2015.03.19"]

1. e4 c5 2. c3 d6 3. d4 Nf6 4. Bd3 g6 5. Nf3 Bg7 6. h3 O-O 7. O-O Qc7 8. Bf4
Rd8 9. Nbd2 Nc6 10. Qe2 e5 11. dxe5 Nxe5 12. Nc4 Nh5 13. Bh2 Be6 14. Ng5 Bxc4
15. Bxc4 Nxc4 16. Qxc4 Qe7 17. Nf3 Be5 18. Rfe1 Kg7 19. Rad1 Bxh2+ 20. Kxh2 Qf6
21. e5 dxe5 22. Rxd8 Rxd8 23. Qxc5 Qf4+ 24. Kg1 Nf6 25. Qxe5 Qa4 26. Ra1 Qc2
27. Qb5 b6 28. Nd4 Qd2 29. Rf1 Rd5 30. Qb3 Qf4 31. Qa4 Qe4 32. Qd1 Ra5 33. Nf3
Rd5 34. Qb1 Qc4 35. Re1 Rf5 36. Nd4 Ra5 37. a3 Qc7 38. Qd3 Rd5 39. Qg3 Qc5 40.
b4 Qf8 41. Qc7 Rd7 42. Qe5 Qc8 43. Re3 Qc7 44. Nf5+ 1-0

[Event "Copa Latina 2015"]
[Site "Vicente Lopez ARG"]
[Date "2015.03.21"]
[Round "3.14"]
[White "Perez, Maximiliamo"]
[Black "Molina, Roberto Junio Brito"]
[Result "0-1"]
[WhiteElo "2271"]
[BlackElo "2431"]
[PlyCount "110"]
[EventDate "2015.03.19"]
[EventType "swiss"]
[EventRounds "9"]
[EventCountry "ARG"]
[Source "lmi"]
[SourceDate "2015.03.19"]

1. e4 c5 2. Nf3 e6 3. d4 cxd4 4. Nxd4 Nc6 5. Nc3 Qc7 6. g3 a6 7. Bg2 Nf6 8. O-O
Nxd4 9. Qxd4 Bc5 10. Bf4 d6 11. Qd3 Nd7 12. Na4 e5 13. Bd2 Bd4 14. Nc3 Nb6 15.
b3 Be6 16. Rac1 O-O 17. Nd5 Nxd5 18. exd5 Bd7 19. c3 Ba7 20. c4 Bd4 21. Kh1 b5
22. f4 Qb6 23. fxe5 Bxe5 24. Be3 bxc4 25. bxc4 Qa5 26. Rf2 f5 27. c5 dxc5 28.
Bxc5 Rfe8 29. Rfc2 Rad8 30. Bg1 Bd6 31. Qd2 Qxd2 32. Rxd2 f4 33. Bf2 Bb5 34.
Bf3 g5 35. Kg2 Kg7 36. g4 Kf6 37. Bb6 Rc8 38. Rdc2 Rxc2+ 39. Rxc2 Re1 40. Rd2
Bb4 41. Rc2 Ke5 42. Bc7+ Kd4 43. d6 Kd3 44. Rb2 Bc5 45. Rxb5 Rg1+ 46. Kh3 axb5
47. d7 Be7 48. d8=Q+ Bxd8 49. Bxd8 h6 50. Bb6 Rb1 51. Bc5 Rb2 52. a3 Rc2 53.
Bf8 Ke3 54. Bg2 Kf2 55. Bg7 Rd2 0-1

[Event "Copa Latina 2015"]
[Site "Vicente Lopez ARG"]
[Date "2015.03.21"]
[Round "3.15"]
[White "Godoy Olazabal, Artur"]
[Black "Rios, Cristhian Camilo"]
[Result "0-1"]
[WhiteElo "2154"]
[BlackElo "2415"]
[PlyCount "88"]
[EventDate "2015.03.19"]
[EventType "swiss"]
[EventRounds "9"]
[EventCountry "ARG"]
[Source "lmi"]
[SourceDate "2015.03.19"]

1. e4 c5 2. Nf3 e6 3. Nc3 d6 4. d4 cxd4 5. Nxd4 Nf6 6. Be3 a6 7. Qf3 Qc7 8. g4
h5 9. g5 Ng4 10. g6 fxg6 11. Bh3 Qf7 12. Bxg4 hxg4 13. Qxg4 Nc6 14. Qg3 Nxd4
15. Bxd4 b5 16. O-O-O Bd7 17. Rdg1 b4 18. Ne2 e5 19. Bb6 Bb5 20. Kd2 Rc8 21.
Nc1 Rc6 22. Ba5 g5 23. Bxb4 Rh3 24. Qg2 Qf4+ 25. Kd1 Rf3 26. Qxg5 Qxe4 27. Qg6+
Qxg6 28. Rxg6 Rc4 29. Bd2 Bc6 30. Re1 Rxf2 31. Nd3 Rxh2 32. b3 Bf3+ 33. Kc1 Re4
34. a4 Rxe1+ 35. Nxe1 Be4 36. Rg4 d5 37. b4 Bf5 38. Rg1 Rh4 39. Nf3 Rc4 40. c3
Bxb4 41. Nxe5 Ba3+ 42. Kd1 Re4 43. Nc6 Bd7 44. Rg6 Kf7 0-1

[Event "Copa Latina 2015"]
[Site "Vicente Lopez ARG"]
[Date "2015.03.21"]
[Round "3.16"]
[White "Mekhitarian, Krikor Sevag"]
[Black "Fernandez, Maria Florencia"]
[Result "1-0"]
[WhiteElo "2556"]
[BlackElo "2187"]
[PlyCount "80"]
[EventDate "2015.03.19"]
[EventType "swiss"]
[EventRounds "9"]
[EventCountry "ARG"]
[Source "lmi"]
[SourceDate "2015.03.19"]

1. d4 Nf6 2. c4 g6 3. Nf3 Bg7 4. g3 O-O 5. Bg2 d6 6. O-O Nc6 7. Nc3 Bf5 8. d5
Na5 9. Nh4 Bd7 10. b3 a6 11. Bb2 c5 12. Qd2 b5 13. Nd1 Nh5 14. Bxg7 Nxg7 15.
Ne3 bxc4 16. bxc4 Rb8 17. Rab1 Qc7 18. Qc3 Rfc8 19. Rfc1 Rb6 20. Be4 Rbb8 21.
f4 Ne8 22. Bf3 Rb6 23. Be4 Rbb8 24. Kg2 Nf6 25. Bf3 Rb4 26. a3 Rbb8 27. g4 Ne8
28. g5 f5 29. gxf6 Nxf6 30. Kh1 Bh3 31. Rg1 Rxb1 32. Rxb1 Rb8 33. Rg1 Kf7 34.
f5 Rb3 35. Qc1 g5 36. Rxg5 Qb8 37. Rg1 Qf8 38. Ng4 Bxg4 39. Bxg4 Ke8 40. Bf3
Kd7 1-0

[Event "Copa Latina 2015"]
[Site "Vicente Lopez ARG"]
[Date "2015.03.21"]
[Round "3.17"]
[White "Perez Ponsa, Federico"]
[Black "Molina, Pablo Sebastian"]
[Result "1-0"]
[WhiteElo "2540"]
[BlackElo "2115"]
[PlyCount "109"]
[EventDate "2015.03.19"]
[EventType "swiss"]
[EventRounds "9"]
[EventCountry "ARG"]
[Source "lmi"]
[SourceDate "2015.03.19"]

1. d4 Nf6 2. c4 Nc6 3. Nf3 e6 4. a3 g6 5. g3 Bg7 6. Bg2 O-O 7. O-O d6 8. Nc3 d5
9. b3 Ne4 10. Bb2 Nxc3 11. Bxc3 Ne7 12. Qc2 Bd7 13. Ne5 Bc6 14. Rad1 a5 15. Bb2
dxc4 16. Nxc6 Nxc6 17. bxc4 Qc8 18. e3 e5 19. d5 Nb8 20. c5 c6 21. Rd2 cxd5 22.
Bxd5 Na6 23. Rc1 Qc7 24. Qc4 Rac8 25. c6 Qb6 26. Bxf7+ Kh8 27. Bd5 bxc6 28. Be4
Nb8 29. Bc3 Qb5 30. Qa2 Qa4 31. Qc2 Qxa3 32. Ra1 Qe7 33. Rxa5 c5 34. Bb2 c4 35.
Ba3 Qc7 36. Rad5 Rfe8 37. Rc5 Qxc5 38. Bxc5 Rxc5 39. h4 Nc6 40. Rd5 Rxd5 41.
Bxd5 Ne7 42. Bxc4 Nf5 43. Bd3 Nd6 44. Qc6 Rd8 45. h5 e4 46. Bxe4 Nxe4 47. Qxe4
gxh5 48. Qe7 Rf8 49. Qg5 Bf6 50. Qxh5 Kg7 51. Kg2 h6 52. f4 Rf7 53. Kf3 Rc7 54.
Qg4+ Kf8 55. Qg6 1-0

[Event "Copa Latina 2015"]
[Site "Vicente Lopez ARG"]
[Date "2015.03.21"]
[Round "3.18"]
[White "Dolezal, Cristian"]
[Black "Ueti, Silvio Shigueo"]
[Result "1-0"]
[WhiteElo "2457"]
[BlackElo "2087"]
[PlyCount "47"]
[EventDate "2015.03.19"]
[EventType "swiss"]
[EventRounds "9"]
[EventCountry "ARG"]
[Source "lmi"]
[SourceDate "2015.03.19"]

1. e4 c5 2. g3 d5 3. Bg2 dxe4 4. Nc3 Nf6 5. Nxe4 e6 6. Ne2 Nc6 7. d3 Be7 8. Be3
Nd5 9. Qd2 Nxe3 10. fxe3 O-O 11. O-O-O Qa5 12. N2c3 e5 13. Nd5 Qxa2 14. Qc3 Be6
15. Nxe7+ Nxe7 16. Qxe5 Rac8 17. Nd6 Nc6 18. Qc3 Rb8 19. Kd2 Bg4 20. Rdf1 Qe6
21. Qxc5 Bh3 22. Bd5 Bxf1 23. Bxe6 fxe6 24. e4 1-0

[Event "Copa Latina 2015"]
[Site "Vicente Lopez ARG"]
[Date "2015.03.21"]
[Round "3.19"]
[White "Barbosa, Evandro Amorim"]
[Black "Montes De Oca, Juan"]
[Result "1/2-1/2"]
[WhiteElo "2439"]
[BlackElo "2071"]
[PlyCount "59"]
[EventDate "2015.03.19"]
[EventType "swiss"]
[EventRounds "9"]
[EventCountry "ARG"]
[Source "lmi"]
[SourceDate "2015.03.19"]

1. e4 e5 2. Nf3 Nc6 3. Nc3 Nf6 4. Bb5 Bb4 5. O-O Bxc3 6. bxc3 O-O 7. d3 Qe7 8.
Bg5 h6 9. Bh4 d6 10. Re1 a6 11. Bc4 Na5 12. Bb3 Nxb3 13. axb3 b6 14. d4 Bb7 15.
Nd2 Qe6 16. Qf3 Nd7 17. Re3 Rab8 18. d5 Qg6 19. g4 Bc8 20. Kh1 Re8 21. Rg1 f6
22. Nf1 Qh7 23. Bg3 g5 24. h4 Qf7 25. Bh2 Nf8 26. Ng3 Ng6 27. Nf5 Qh7 28. Qg2
Nf4 29. Bxf4 exf4 30. Rh3 1/2-1/2

[Event "Copa Latina 2015"]
[Site "Vicente Lopez ARG"]
[Date "2015.03.21"]
[Round "3.20"]
[White "Villanueva, Mario"]
[Black "Puppi Lazo, Jorge Luis"]
[Result "1-0"]
[WhiteElo "2430"]
[BlackElo "2022"]
[PlyCount "87"]
[EventDate "2015.03.19"]
[EventType "swiss"]
[EventRounds "9"]
[EventCountry "ARG"]
[Source "lmi"]
[SourceDate "2015.03.19"]

1. e4 c5 2. Nf3 e6 3. d4 cxd4 4. Nxd4 Nc6 5. Nc3 Qc7 6. Be3 a6 7. f4 b5 8. Bd3
Bb7 9. Nb3 d6 10. O-O Nf6 11. a3 Be7 12. Qf3 O-O 13. Qh3 Rfe8 14. Rf3 b4 15.
axb4 Nxb4 16. Rg3 Nxd3 17. cxd3 Rab8 18. Nd4 Bc8 19. Rc1 e5 20. Nf5 Bxf5 21.
Qxf5 Qd7 22. Qxd7 Nxd7 23. Nd5 Bd8 24. Rc6 Nc5 25. fxe5 Rxb2 26. Bxc5 dxc5 27.
Nf6+ Bxf6 28. exf6 g6 29. Rg5 Rd2 30. Rd5 h5 31. h4 Rb8 32. Rc7 c4 33. dxc4
Rbb2 34. Rxd2 Rxd2 35. Rc8+ Kh7 36. Rf8 Rd7 37. c5 a5 38. Re8 Rd1+ 39. Kf2 Rc1
40. Rf8 Rxc5 41. Rxf7+ Kh6 42. Rf8 Kh7 43. Re8 g5 44. f7 1-0

[Event "Copa Latina 2015"]
[Site "Vicente Lopez ARG"]
[Date "2015.03.21"]
[Round "3.21"]
[White "Arias, Juan Carlos"]
[Black "Pierrot, Facundo"]
[Result "0-1"]
[WhiteElo "2130"]
[BlackElo "2380"]
[PlyCount "62"]
[EventDate "2015.03.19"]
[EventType "swiss"]
[EventRounds "9"]
[EventCountry "ARG"]
[Source "lmi"]
[SourceDate "2015.03.19"]

1. c4 e5 2. Nc3 Nf6 3. g3 Bb4 4. Bg2 O-O 5. e4 d6 6. Nge2 c6 7. O-O a6 8. d3 b5
9. h3 Nbd7 10. Be3 Bc5 11. d4 Bb6 12. cxb5 axb5 13. b3 Re8 14. Qc2 Bb7 15. Rfd1
Qb8 16. a4 b4 17. Na2 exd4 18. Nxd4 c5 19. Nf5 Nxe4 20. Qb2 Ndf6 21. Bxe4 Rxe4
22. Bh6 Qc8 23. g4 Qc6 24. f3 Re6 25. Rf1 gxh6 26. Kh1 c4 27. Qd2 Qxf3+ 28.
Rxf3 Bxf3+ 29. Kh2 Re2+ 30. Qxe2 Bxe2 31. bxc4 Rxa4 0-1

[Event "Copa Latina 2015"]
[Site "Vicente Lopez ARG"]
[Date "2015.03.21"]
[Round "3.22"]
[White "Sosa, Tomas"]
[Black "Arias, Juan Cruz"]
[Result "1-0"]
[WhiteElo "2368"]
[BlackElo "2006"]
[PlyCount "79"]
[EventDate "2015.03.19"]
[EventType "swiss"]
[EventRounds "9"]
[EventCountry "ARG"]
[Source "lmi"]
[SourceDate "2015.03.19"]

1. e4 e6 2. d4 d5 3. Nd2 Nf6 4. e5 Nfd7 5. Bd3 c5 6. c3 b5 7. Bxb5 Qb6 8. Qa4
a6 9. Be2 Nc6 10. Ngf3 cxd4 11. cxd4 Be7 12. Nb1 a5 13. Nc3 Ba6 14. O-O Rc8 15.
Bxa6 Qxa6 16. Bg5 Bf8 17. Rfc1 h6 18. Bd2 Be7 19. Nb5 O-O 20. Nd6 Bxd6 21. exd6
Qb7 22. Rc2 Nb6 23. Qb5 Na7 24. Qd3 Rxc2 25. Qxc2 Rc8 26. Qb3 a4 27. Qb4 Nc6
28. Qb5 Na7 29. Qa5 Nc6 30. Qc5 Ne5 31. Nxe5 Rxc5 32. dxc5 f6 33. cxb6 fxe5 34.
Rc1 Kh7 35. Ba5 a3 36. bxa3 d4 37. Rb1 Qe4 38. Rb2 Qf4 39. Bd2 Qg4 40. f3 1-0